Catálogo público

Sisson y grossman anatomía de los animales domésticos / (Record no. 170422)

MARC details
000 -CABECERA
campo de control de longitud fija 01342nam a2200325Ia 4500
001 - NÚMERO DE CONTROL
campo de control Z_7151
003 - IDENTIFICADOR DEL NÚMERO DE CONTROL
campo de control CHAP
008 - DATOS DE LONGITUD FIJA--INFORMACIÓN GENERAL
campo de control de longitud fija 220113s1982 xx 000 0 und d
010 ## - NÚMERO DE CONTROL DE LA BIBLIOTECA DEL CONGRESO
Número de control de LC 170422
020 ## - NÚMERO INTERNACIONAL ESTÁNDAR DEL LIBRO
Número Internacional Estándar del Libro 968-6927-19-0 (obra completa) \ 968-6927-25-5 (T.1)
040 ## - FUENTE DE LA CATALOGACIÓN
Centro/agencia transcriptor CHAP
082 ## - NÚMERO DE LA CLASIFICACIÓN DECIMAL DEWEY
Número de clasificación 636.0891 S57 1982sc
100 ## - ENTRADA PRINCIPAL--NOMBRE DE PERSONA
Nombre de persona Sisson, Septimus
9 (RLIN) 106700
245 ## - MENCIÓN DE TÍTULO
Título Sisson y grossman anatomía de los animales domésticos /
Mención de responsabilidad, etc. Septimus Sisson y James Daniels Grossman
250 ## - MENCIÓN DE EDICIÓN
Mención de edición 5a ed. / Robert Getty ; coordinación editorial Cynthia Ellenport Rosenbaunm, N. G. Ghoshal y Daniel Hillman
260 ## - PUBLICACIÓN, DISTRIBUCIÓN, ETC.
Lugar de publicación, distribución, etc. México, D.F. :
Nombre del editor, distribuidor, etc. Salvat Ciencia y cultura latinoamérica,
Fecha de publicación, distribución, etc. 1982
300 ## - DESCRIPCIÓN FÍSICA
Extensión xxxi, 1335 p.
500 ## - NOTA GENERAL
Nota general Traducción de la obra en inglés: Sisson and Grossman´s The anatomy of the domestic animals, 5a ed. \ La biblioteca cuanta solo con el Tomo 1
503 ## - NOTA DE HISTORIA BIBLIOGRÁFICA (BK CF MU) [OBSOLETO]
Nota de historia bibliográfica ej.1 T.1: Reposición ( del título: SissonSisson y grossman anatomía de los animales domésticos 4a ed. de 1959 ej.2 636.0891 S57 adq. 1740)
504 ## - NOTA DE BIBLIOGRAFÍA, ETC.
Nota de bibliografía, etc. Incluye bibliografía
650 ## - PUNTO DE ACCESO ADICIONAL DE MATERIA--TÉRMINO DE MATERIA
Término de materia o nombre geográfico como elemento de entrada Anatomía veterinaria
9 (RLIN) 139604
650 ## - PUNTO DE ACCESO ADICIONAL DE MATERIA--TÉRMINO DE MATERIA
Término de materia o nombre geográfico como elemento de entrada Animales domésticos
Subdivisión general Anatomía y fisiología
9 (RLIN) 5892
700 ## - PUNTO DE ACCESO ADICIONAL--NOMBRE DE PERSONA
Nombre de persona Grossman, James Daniels, aut.
9 (RLIN) 139608
901 ## - ELEMENTOS DE DATOS A LOCAL LDA (RLIN)
a 636.0891 S57 1982SC
902 ## - ELEMENTOS DE DATOS B LOCAL, LDB (RLIN)
a M
910 ## - DATOS DE OPCIÓN DEL USUARIO (OCLC)
Datos de opción del usuario 1982
942 ## - ELEMENTOS DE PUNTO DE ACCESO ADICIONAL (KOHA)
Tipo de ítem Koha Libro_
942 ## - ELEMENTOS DE PUNTO DE ACCESO ADICIONAL (KOHA)
Tipo de ítem Koha
Holdings
Estado de retiro Estado de pérdida Fuente del sistema de clasificación o colocación Estado dañado Restricciones de uso No para préstamo Código de colección Localización permanente Ubicación/localización actual Fecha de adquisición Fuente de adquisición Enumeración/cronología de publicación seriada Signatura topográfica completa Código de barras Fecha visto por última vez Número de copia Precio válido a partir de Tipo de ítem Koha
    Dewey Decimal Classification   Préstamo interno   General Zootecnia Zootecnia 21/01/2020 Reposición Tomo: 1 636.0891 S57 1982sc z_4442 18/01/2022 Ej.1 18/01/2022 Libro